000 00413nam a2200145Ia 4500
008 240729s9999 xx 000 0 und d
022 _a2287-366X
245 0 _aClinical and Experimental Vaccine Research
260 _aKorea, Republic of
260 _bSeoul : Korean Vaccine Society
650 _aMedicine
856 _uhttps://doaj.org/toc/29a1c32029dc4f989cee84dbd6389632
942 _2ddc
942 _cDOAJEJ
999 _c68151
_d68151
945 _a1
_bMadushi Gamage
_c1
_dMadushi Gamage